Etika ako jeden z prostriedkov zvyšovania efektívnosti verejnej správy v Slovenskej republike
Morálka a etika ostáva na pokraji záujmu verejnej správy, verejnej politiky, ako aj celej politiky a spoločnosti. Etický kódex a verejná správa na Slovensku. Príslušné zákony. Etický kódex je maximálne žiadúcim elementom každej politicky vyspelej spoločnosti.
Uložené v:
| Hlavný autor: | |
|---|---|
| Médium: | Kapitola |
| Jazyk: | Slovak |
| Predmet: | |
| Tagy: |
Žiadne tagy, Buďte prvý, kto otaguje tento záznam!
|
MARC
| LEADER | 00000naa$a2200000$$$4500 | ||
|---|---|---|---|
| 001 | 0111249 | ||
| 005 | 20230918071947.0 | ||
| 041 | 0 | |a slo | |
| 044 | |a SK | ||
| 245 | 1 | 0 | |a Etika ako jeden z prostriedkov zvyšovania efektívnosti verejnej správy v Slovenskej republike |c Richard Geffert |
| 520 | |a Morálka a etika ostáva na pokraji záujmu verejnej správy, verejnej politiky, ako aj celej politiky a spoločnosti. Etický kódex a verejná správa na Slovensku. Príslušné zákony. Etický kódex je maximálne žiadúcim elementom každej politicky vyspelej spoločnosti. | ||
| 610 | 2 | 0 | |a etika |
| 610 | 2 | 0 | |a kódexy etické |
| 610 | 2 | 0 | |a správa verejná |
| 610 | 2 | 0 | |a efektívnosť |
| 610 | 2 | 0 | |a Slovensko |
| 100 | 1 | |a Geffert, Richard | |